Great Black heros : (Record no. 7707)

MARC details
000 -LEADER
fixed length control field 01082nam a22003137a 4500
001 - CONTROL NUMBER
control field 7707
003 - CONTROL NUMBER IDENTIFIER
control field FISKH
005 - DATE AND TIME OF LATEST TRANSACTION
control field 20250826101749.0
008 - FIXED-LENGTH DATA ELEMENTS--GENERAL INFORMATION
fixed length control field 250731b cb ||||| |||| 00| 0 eng d
020 ## - INTERNATIONAL STANDARD BOOK NUMBER
International Standard Book Number 9780590480338
040 ## - CATALOGING SOURCE
Original cataloging agency FISKH
Language of cataloging eng
Transcribing agency FISKH
Modifying agency FISKH
050 ## - LIBRARY OF CONGRESS CALL NUMBER
Classification number T39 .H88
082 ## - DEWEY DECIMAL CLASSIFICATION NUMBER
Classification number 609.2273
100 ## - MAIN ENTRY--PERSONAL NAME
Personal name Hudson, Wade
Dates associated with a name (1946-)
245 ## - TITLE STATEMENT
Title Great Black heros :
Remainder of title Five notable inventors /
Statement of responsibility, etc. By Wade Hudson ; Illustrated by Ron Garnett
250 ## - EDITION STATEMENT
Edition statement This edition first published in 2008
260 ## - PUBLICATION, DISTRIBUTION, ETC.
Place of publication, distribution, etc. New York :
Name of publisher, distributor, etc. Scholastic,
Date of publication, distribution, etc. 1995
300 ## - PHYSICAL DESCRIPTION
Extent 48 pages :
Other physical details color illustrations ;
Dimensions 23 cm
490 ## - SERIES STATEMENT
Series statement Advance reader
Volume/sequential designation # Level 4
505 ## - FORMATTED CONTENTS NOTE
Formatted contents note P<br/>
520 ## - SUMMARY, ETC.
Summary, etc. Includes short biography on 5 different inventors Walker, C.J. Madam; McCoy, Elijah; Morgan, Garrett A.; Woods, Granville T.; Matzeliger, Jan Ernst.<br/>
521 8# - TARGET AUDIENCE NOTE
Target audience note 620<br/>
Source Lexile<br/>
521 8# - TARGET AUDIENCE NOTE
Target audience note P<br/>
Source Raz-Plus<br/>
650 ## - SUBJECT ADDED ENTRY--TOPICAL TERM
Source of heading or term Madam C.J. Walker
Topical term or geographic name entry element African American
650 ## - SUBJECT ADDED ENTRY--TOPICAL TERM
Source of heading or term Black History Month
Topical term or geographic name entry element Social studies
700 ## - ADDED ENTRY--PERSONAL NAME
Personal name Garner, Ron
Dates associated with a name illustrator
942 ## - ADDED ENTRY ELEMENTS (KOHA)
Source of classification or shelving scheme Dewey Decimal Classification
Koha item type Books
Suppress in OPAC No
Holdings
Withdrawn status Lost status Source of classification or shelving scheme Damaged status Not for loan Collection Home library Current library Shelving location Date acquired Total Checkouts Full call number Barcode Date last seen Copy number Price effective from Koha item type Date due Date last checked out
    Dewey Decimal Classification     Juvenile Fiction Footprints International School Library Network Toul Tom Poung Campus Footprints International School Library Network Toul Tom Poung Campus TTP Primary Yellow Bookshelves 07/31/2025   HUD 609.2273 T39 .H88 FISTK00806 07/31/2025 1 07/31/2025 Books    
    Dewey Decimal Classification     Juvenile Fiction Footprints International School Library Network Toul Tom Poung Campus Footprints International School Library Network Toul Tom Poung Campus TTP Primary Yellow Bookshelves 08/26/2025   HUD 609.2273 T39 .H88 2025-4242 08/26/2025 2 08/26/2025 Books    
    Dewey Decimal Classification     Juvenile Fiction Footprints International School Library Network Toul Tom Poung Campus Footprints International School Library Network Toul Tom Poung Campus TTP Primary Yellow Bookshelves 08/26/2025 1 HUD 609.2273 T39 .H88 FIS04615 11/26/2025 3 08/26/2025 Books 12/10/2025 11/26/2025